00459 2200181 4500001002100000005001500021035002000036245004900056100001700105250001100122300002600133260003700159082000800196084001400204020002200218650002000240600001700260INLIS00000000000107020240709091904 a0010-07240000631 aCara Gampang Budidaya Pepaya /cPuput Melati0 aPuput Melati aCet II a100 hlm ;c14 x 21 cm aYogyakarta :bShira Media,c2022 a634 a634 PUP c a978-602-61327-5-8 4aBudidaya Pepaya04aPuput Melati